2023-24 FIFA TOTTENHAM PLAYER BY PICTURE - Statistics

General Stats
  • This quiz has been taken 275 times
  • The average score is 16 of 20
Answer Stats
Picture Answer % Correct
Richarlison
97%
Son Heung-min
94%
Hugo Lloris
91%
James Maddison
91%
Cristian Romero
89%
Dejan Kulusevski
89%
Eric Dier
87%
Ivan Perišić
87%
Pierre Højbjerg
87%
Pedro Porro
81%
Yves Bissouma
80%
Guglielmo Vicario
79%
Micky van de Ven
79%
Ben Davies
78%
Emerson
74%
Brennan Johnson
71%
Destiny Udogie
70%
Pape Matar Sarr
68%
Oliver Skipp
65%
Manor Solomon
56%
No matching quizzes found
Score Distribution
Percent of People with Each Score
Percentile by Number Answered
Your Score History
You have not taken this quiz